|
|
|
|
| LEADER |
00000nam1a2200000 4500 |
| 001 |
270434 |
| 005 |
20231031224951.0 |
| 035 |
|
|
|a (RuTPU)RU\TPU\book\293615
|
| 090 |
|
|
|a 270434
|
| 100 |
|
|
|a 20140927d1950 k y0rusy50 ca
|
| 101 |
0 |
|
|a rus
|
| 102 |
|
|
|a RU
|
| 200 |
1 |
|
|a Наладочные и экспериментальные работы ОРГРЭС
|f Государственный трест по организации и рационализации районных электрических станций и сетей ОРГРЭС
|
| 210 |
|
|
|a Москва
|a Ленинград
|c Госэнергоиздат
|d [1950]-1974
|
| 712 |
0 |
2 |
|a Всесоюзный государственный трест по организации и рационализации районных электрических станций и сетей (ОРГРЭС)
|c (Москва)
|c (1939-1977)
|2 stltpush
|3 (RuTPU)RU\TPU\col\8705
|
| 801 |
|
1 |
|a RU
|b 63413507
|c 20140927
|
| 801 |
|
2 |
|a RU
|b 63413507
|c 20171107
|g RCR
|
| 942 |
|
|
|c BK
|